| 000 | 00978 a2200217 4500 | ||
|---|---|---|---|
| 003 | Nust | ||
| 005 | 20170207153204.0 | ||
| 010 | _a 77028685 | ||
| 020 | _a0070709874 | ||
| 040 | _cNust | ||
| 082 | 0 | 0 | _a621.3192 |
| 100 | 1 | _aWing, Omar. | |
| 245 | 1 | 0 |
_aCircuit theory with computer methods / _cOmar Wing. |
| 260 |
_aWashington : _bHemisphere Pub. Corp., _cc1978. |
||
| 300 |
_axiv, 529 p. : _bill. ; _c25 cm. |
||
| 505 | _aFundamental Laws (page-10) Electrical Elements (page-41) Analysis of Simple Linear Circuits (Page-95) First-and Second-Order Circuits (Page-144) Simple Nonlinear Circuits (Page-203) Formulation of Circuits Equation (Page-232) Circuits in the Sinusoidal Steady State (Page-302) Frequency-Domain Analysis (Page-357) Time-Domain Analysis (page-434) Multiterminal Circuits (Page-480) | ||
| 538 | _aAlmirah No.31 Shelf No.6 | ||
| 650 | 0 | _aElectric circuits. | |
| 650 | 0 |
_aElectric networks _xData processing. |
|
| 650 | 0 |
_aElectrical engineering _xMathematics. |
|
| 942 |
_2ddc _cBK |
||
| 999 |
_c181123 _d181123 |
||